Código Penal. Títulos de Artículos, Concordancias e Índice de Materias.
-д хадгалсан:
| Байгууллагын зохиогч: | |
|---|---|
| Бусад зохиолчид: | |
| Формат: | Ном |
| Хэл сонгох: | испани |
| Хэвлэсэн: |
Santiago, Chile:
Legal Publishing; Thomson Reuters,
2015
|
| Хэвлэл: | Decimoquinta Edición. |
| Цуврал: | Colección de Códigos 2015
|
| Нөхцлүүд: | |
| Шошгууд: |
Шошго нэмэх
Шошго байхгүй, Энэхүү баримтыг шошголох эхний хүн болох!
|
MARC
| LEADER | 00000cam a2200000 a 4500 | ||
|---|---|---|---|
| 001 | UCE8822 | ||
| 003 | CL-VaPUC | ||
| 005 | 20240912162310.0 | ||
| 008 | 150904e20150000cl |||||||||||||||||spa|d | ||
| 999 | |c 360591 |d 360589 | ||
| 020 | |a 9789563466355 | ||
| 040 | |c Pontificia Universidad Católica de Valparaíso | ||
| 082 | 0 | 4 | |a 345.83 CHI 2015 |2 21 |
| 110 | 1 | |a Chile |9 890760 | |
| 245 | 1 | 0 | |a Código Penal. |b Títulos de Artículos, Concordancias e Índice de Materias. |
| 250 | |a Decimoquinta Edición. |b Actualizada al 5 de enero de 2015 | ||
| 260 | |a Santiago, Chile: |b Legal Publishing; |b Thomson Reuters, |c 2015 | ||
| 300 | |a 502 páginas | ||
| 490 | 0 | |a Colección de Códigos 2015 | |
| 505 | |a Mensaje del gobierno acompañando el presente Código Penal al Congreso. -Libro Primero. -Libro Segundo. Crímenes y Simples Delitos y sus Penas. -Libro Tercero. Apéndice: -Ley N.º 18.050. Fija normas generales para conceder indultos particulares. (D.O. de 6 de noviembre de 1981). -Ley N.º 18.216. Establece medidas que indica como alternativas a las penas privativas o restrictivas de libertad y deroga disposiciones que señala. (D.O. de 14 de mayo de 1983). -Ley N.º 18.314. Determina conductas terroristas y fija su penalidad. (D.O. de 17 de mayo de 1984). -Ley N.º 19.913. Crea la unidad de análisis financiero y modifica diversas disposiciones en materia de lavado y blanqueo de activos. (D.O. de 18 de diciembre de 2003). -Ley N.º 20.393. Establece la responsabilidad penal de las personas jurídicas en los delitos de lavado de activos, financiamiento del terrorismo y delito de cohecho que indica. (D.O. de 2 de diciembre de 2009). -Ley N.º 20.000. Sustituye la Ley N.º 19.366, que sanciona el tráfico ilícito de estupefacientes y sustancias sicotrópicas. (D.O. de 16 de febrero de 2005). -Ley N.º 19.327. Fija normas para prevención y sanción de hechos de violencia en recintos deportivos con ocasión de espectáculos de fútbol profesional (D.O. de 31 de agosto de 1994). -Ley N.º 19.223. Tipifica figuras penales relativas a la informática (D.O. de 7 de junio de 1993). -Ley N.º 19.925. Sobre expendio y consumo de bebidas alcohólicas (D.O. de 19 de enero de 2004). -Ley General sobre Ferrocarriles. Texto definitivo fijado por Decreto N.º 1.157, del Ministerio de Fomento, de 13 de julio de 1931. (D.O. de 16 de septiembre de 1931). -Ley N.º 20.084. Establece un sistema de responsabilidad de los adolescentes por infracciones a la ley penal. (D.O. de 7 de diciembre de 2005) | ||
| 583 | |a last modification |c 20160712 11:04:46 |k Rodrigo Vera | ||
| 650 | 1 | |a Código penal chileno |9 484032 | |
| 650 | 1 | |a Derecho penal chileno |9 891352 | |
| 650 | 1 | |a Delitos |z Chile |9 891353 | |
| 650 | 1 | |a Penas |z Chile |9 890554 | |
| 650 | 1 | |a Crímenes |z Chile |9 890555 | |
| 700 | |a Vargas Pinto, Tatiana |e directora |9 891342 | ||
| 942 | |c BK |2 ddc | ||
| 945 | |d 20150904 11:50:00 |a gsalatino | ||
| 952 | |0 0 |1 0 |3 erb |4 0 |6 345_830000000000000_CHI_2015 |7 0 |8 R |9 470460 |a BIBDER |b BIBDER |i 5195659 |l 15 |o 345.83 CHI 2015 |p 5195659 |r 2024-03-20 |s 2024-03-20 |w 2019-11-23 |y BK_R |z Catalogado en:20150904 |k DER | ||